000 00524nam a2200181Ia 4500
003 GCL
008 140319s9999 xx 000 0 eng d
040 _aGCL /
_cGCL
082 0 4 _a371.1
_bB C
100 1 _aBURDEN, PAUL R.
245 1 0 _aCLASSROOM MANAGEMENT AND DISCIPLINE: METHODS TO FACILITATE COOPERATION AND INTRACTION /
_cBURDEN, PAUL R.
260 _a[S.N] :
_bLONGMAN ،
_c1995
300 _a378 P
650 0 4 _aCLASSROOM MANAGEMENT
650 0 4 _aUNITED STATES
650 0 4 _aSCHOOL DISCIPLINE
942 _2ddc
_cBK
999 _c25021
_d25021